000 03925nab a2200337 i 4500
003 BR-BrBNA
005 20240923135432.0
008 240923b2018 bl.|r|pooa||| 00| 0 por |
040 _aBR-BrBNA
_bpor
072 _aL73
_b5400
072 _aL70
100 _aBordini, C.G.G.
100 _aSilva, E.O.
100 _a Green, K.T.
100 _aSouza, M.S.B.
100 _aSantis, G.W.
100 _aZanutto, M.S.
245 _aTumor maligno da bainha perineural retrobulbar e intracraniano em cão: relato de caso
500 _a Publicação online; 28 ref.; 3 illus.; Summaries (En, Pt)
520 _a RESUMO - Os tumores da bainha perineural são pouco frequentes em animais domésticos. Relata-se o caso de um cão, sem raça definida, de cinco anos, fêmea, com histórico de aumento de volume em região retrobulbar do globo ocular direito (GOD) havia três semanas. Ao exame clínico, constatou-se a presença de uma neoformação retrobulbar direita com deslocamento do globo ocular cranialmente. Aos exames realizados durante o internamento, não foi possível localizar a origem e a extensão da neoformação. O animal veio a óbito por parada cardiorrespiratória e foi encaminhado para a necropsia. À avaliação macroscópica, observou-se neoformação esbranquiçada fixada à base do crânio em região selar, com possível origem no terceiro (III) par de nervos cranianos, a qual se infiltrava no encéfalo na altura do hipotálamo, estendia-se caudalmente em direção ao tronco encefálico e cranialmente à órbita direita, comprimindo, assim, o GOD. Microscopicamente consistia de feixes curtos entrelaçados ou enovelados de células fusiformes com pleomorfismo discreto a moderado, alternando-se a áreas de necrose multifocalmente, compatível com tumor da bainha perineural. Ao exame imuno-histoquímico, apresentou marcação fraca para S100 e GFAP e marcação positiva para vimentina, o que indica caráter maligno. Palavras-chave: cão, neoplasia maligna, tumor da bainha perineural, bradicardia, síndrome de Horner
520 _a ABSTRACT - Tumors of the perineural sheath are uncommon in domestic animals. We report the case of a 5-year-old female dog with a history of increased volume in the retrobulbar region of the right eye (RE) three weeks ago. The clinical examination revealed a presence of a right retrobulbar neoformation with cranial ocular globe displacement. In the examinations carried out during hospitalization, it was not possible to locate a source and an extension of the neoformation. The animal died of cardiorespiratory arrest and was referred to an autopsy. The macroscopic evaluation revealed a whitish neoformation fixated to the base of the skull in a seal region, with a possible non-III origin of cranial nerves, infiltrating nonencephalon at the height of the hypothalamus, extending caudally towards the brainstem and cranially to the orbit right, compressing RE. Microscopically it consisted of short bundles intertwined or enovelados of spindle cells with discrete to moderate pleomorphism, alternating to areas of multifocal necrosis, compatible with tumor of the perineural sheath. Immunohistochemical examination showed weak marking for S100 and GFAP and positive marking for vimentin, indicating malignancy. Keywords: dog, malignant neoplasm, perineural sheath tumor, bradycardia, Horner's syndrome
650 _aCÃO
650 _aTUMOR
650 _aDOENÇA ANIMAL
650 _aNEOPLASIA
650 _aVETERINÁRIA
773 0 _01643
_9344677
_dBelo Horizonte-MG Universidade Federal de Minas Gerais - Escola de Veterinaria 1983
_o2024-5011
_tArquivo Brasileiro de Medicina Veterinária e Zootecnia (Brazil)
_x0102-0935
_gv. 70(5) p. 1355-1361; (2018)
_wBR2024002516
856 _uhttps://www.scielo.br/j/abmvz/a/GhQq6VhJGn48sb4S5Hd9v4L/?format=pdf&lang=pt
942 _cANA
999 _c327767
_d327767